Hranice bolesti /
Trpí víc oběť vraždy, nebo ti, kteří po ní zůstali? Psychologický detektivní příběh, v němž detektivové pátrají po pachateli vraždy třináctileté dívky, k níž došlo před třiceti lety a vraha se nikdy nepodařilo dopadnout.
Uloženo v:
| Série: | Liberecká kriminálka,
část 2 |
|---|---|
| Hlavní autor: | |
| Médium: | E-audiokniha |
| Jazyk: | Czech |
| Vydáno: |
V Praze :
Motto,
2026
|
| Vydání: | 1. vydání |
| Témata: | |
| Příbuzné jednotky: | Z cyklu::
Liberecká kriminálka |
| Tagy: |
Žádné tagy |
| LEADER | 05262nam a2201165 i 4500 | ||
|---|---|---|---|
| 001 | 314064 | ||
| 003 | CZ PrSKC | ||
| 005 | 20260704062725.0 | ||
| 007 | ta | ||
| 008 | 260422s2026 xr g 000 f cze | ||
| 015 | |a cnb003752452 | ||
| 020 | |a 9788026760610 |q (brožováno) : |c Kč 399,00 | ||
| 035 | |a (OCoLC)1549632771 | ||
| 040 | |a ABG001 |b cze |d BOA001 |e rda | ||
| 072 | 7 | |a 821.162.3-3 |x Česká próza |2 Konspekt | |
| 080 | |a 821.162.3-31 |2 MRF | ||
| 080 | |a (0:82-312.4) |2 MRF | ||
| 100 | 1 | |a Brykner, Eva, |d 1988- |7 xx0305813 |4 aut | |
| 245 | 1 | 0 | |a Hranice bolesti / |c Eva Brykner |
| 250 | |a 1. vydání | ||
| 264 | 1 | |a V Praze : |b Motto, |c 2026 | |
| 300 | |a 271 stran ; |c 20 cm | ||
| 336 | |a text |b txt |2 rdacontent | ||
| 337 | |a bez média |b n |2 rdamedia | ||
| 338 | |a svazek |b nc |2 rdacarrier | ||
| 504 | |a Obsahuje bibliografii | ||
| 520 | 2 | |a Trpí víc oběť vraždy, nebo ti, kteří po ní zůstali? Psychologický detektivní příběh, v němž detektivové pátrají po pachateli vraždy třináctileté dívky, k níž došlo před třiceti lety a vraha se nikdy nepodařilo dopadnout. |b Na dně lomu je nalezeno tělo třináctileté Terezky. Brutální vražda šokuje celé město, vyšetřování kapitánky Martiny Vránové a podporučíka Filipa Bauera je však bezvýsledné. Po třiceti letech se případ znovu otevírá a spolu s ním i staré rány. Vrah po sobě nenechal jen mrtvé tělo, ale i jizvy, které poznamenaly celou rodinu. Soukromý vyšetřovatel Oliver Berka je poslední šancí, jak může Terezčina matka zjistit pravdu. Čím víc se však k jejímu odhalení blíží, tím je realita pro všechny bolestivější. Nakladatelská anotace. | |
| 655 | 7 | |a české romány |7 fd133974 |2 czenas | |
| 655 | 7 | |a detektivní romány |7 fd132010 |2 czenas | |
| 655 | 7 | |a thrillery (romány) |7 fd184206 |2 czenas | |
| 655 | 9 | |a Czech fiction |2 eczenas | |
| 655 | 9 | |a detective novels |2 eczenas | |
| 655 | 9 | |a thrillers (novels) |2 eczenas | |
| 710 | 2 | |a Motto (nakladatelství) |7 xx0183724 |4 pbl | |
| 787 | 0 | 8 | |i Z cyklu: |t Liberecká kriminálka |g 2 |
| 900 | |a ABA001 |b 21 | ||
| 928 | 9 | |a Albatros Media - Motto | |
| 044 | |a xr | ||
| 505 | 0 | 0 | |t Prolog (3 min., 43 sek.) |
| 505 | 0 | 0 | |t 1. kapitola (2 min., 39 sek.) |
| 505 | 0 | 0 | |t 2. kapitola (7 min., 19 sek.) |
| 505 | 0 | 0 | |t 3. kapitola (4 min., 44 sek.) |
| 505 | 0 | 0 | |t 4. kapitola (5 min., 0 sek.) |
| 505 | 0 | 0 | |t 5. kapitola (5 min., 37 sek.) |
| 505 | 0 | 0 | |t 6. kapitola (7 min., 15 sek.) |
| 505 | 0 | 0 | |t 7. kapitola (7 min., 3 sek.) |
| 505 | 0 | 0 | |t 8. kapitola (6 min., 19 sek.) |
| 505 | 0 | 0 | |t 9. kapitola (3 min., 45 sek.) |
| 505 | 0 | 0 | |t 10. kapitola (2 min., 43 sek.) |
| 505 | 0 | 0 | |t 11. kapitola (6 min., 6 sek.) |
| 505 | 0 | 0 | |t 12. kapitola (4 min., 15 sek.) |
| 505 | 0 | 0 | |t 13. kapitola (4 min., 13 sek.) |
| 505 | 0 | 0 | |t 14. kapitola (4 min., 17 sek.) |
| 505 | 0 | 0 | |t 15. kapitola (8 min., 50 sek.) |
| 505 | 0 | 0 | |t 16. kapitola (7 min., 56 sek.) |
| 505 | 0 | 0 | |t 17. kapitola (7 min., 1 sek.) |
| 505 | 0 | 0 | |t 18. kapitola (8 min., 49 sek.) |
| 505 | 0 | 0 | |t 19. kapitola (5 min., 38 sek.) |
| 505 | 0 | 0 | |t 20. kapitola (3 min., 47 sek.) |
| 505 | 0 | 0 | |t 21. kapitola (11 min., 48 sek.) |
| 505 | 0 | 0 | |t 22. kapitola (9 min., 6 sek.) |
| 505 | 0 | 0 | |t 23. kapitola (7 min., 4 sek.) |
| 505 | 0 | 0 | |t 24. kapitola (5 min., 0 sek.) |
| 505 | 0 | 0 | |t 25. kapitola (12 min., 35 sek.) |
| 505 | 0 | 0 | |t 26. kapitola (5 min., 15 sek.) |
| 505 | 0 | 0 | |t 27. kapitola (4 min., 53 sek.) |
| 505 | 0 | 0 | |t 28. kapitola (11 min., 11 sek.) |
| 505 | 0 | 0 | |t 29. kapitola (6 min., 38 sek.) |
| 505 | 0 | 0 | |t 30. kapitola (11 min., 10 sek.) |
| 505 | 0 | 0 | |t 31. kapitola (3 min., 46 sek.) |
| 505 | 0 | 0 | |t 32. kapitola (8 min., 0 sek.) |
| 505 | 0 | 0 | |t 33. kapitola (6 min., 0 sek.) |
| 505 | 0 | 0 | |t 34. kapitola (11 min., 7 sek.) |
| 505 | 0 | 0 | |t 35. kapitola (6 min., 44 sek.) |
| 505 | 0 | 0 | |t 36. kapitola (11 min., 29 sek.) |
| 505 | 0 | 0 | |t 37. kapitola (3 min., 52 sek.) |
| 505 | 0 | 0 | |t 38. kapitola (7 min., 3 sek.) |
| 505 | 0 | 0 | |t 39. kapitola (8 min., 35 sek.) |
| 505 | 0 | 0 | |t 40. kapitola (3 min., 37 sek.) |
| 505 | 0 | 0 | |t 41. kapitola (11 min., 3 sek.) |
| 505 | 0 | 0 | |t 42. kapitola (5 min., 36 sek.) |
| 505 | 0 | 0 | |t 43. kapitola (8 min., 28 sek.) |
| 505 | 0 | 0 | |t 44. kapitola (6 min., 57 sek.) |
| 505 | 0 | 0 | |t 45. kapitola (5 min., 55 sek.) |
| 505 | 0 | 0 | |t 46. kapitola (8 min., 54 sek.) |
| 505 | 0 | 0 | |t 47. kapitola (12 min., 5 sek.) |
| 505 | 0 | 0 | |t 48. kapitola (15 min., 44 sek.) |
| 505 | 0 | 0 | |t 49. kapitola (6 min., 2 sek.) |
| 505 | 0 | 0 | |t 50. kapitola (15 min., 44 sek.) |
| 505 | 0 | 0 | |t 51. kapitola (16 min., 47 sek.) |
| 505 | 0 | 0 | |t 52. kapitola (9 min., 36 sek.) |
| 505 | 0 | 0 | |t 53. kapitola (7 min., 15 sek.) |
| 505 | 0 | 0 | |t 54. kapitola (24 min., 39 sek.) |
| 505 | 0 | 0 | |t 55. kapitola (5 min., 55 sek.) |
| 505 | 0 | 0 | |t 56. kapitola (18 min., 19 sek.) |
| 505 | 0 | 0 | |t 57. kapitola (6 min., 13 sek.) |
| 505 | 0 | 0 | |t Epilog (6 min., 51 sek.) |
| 910 | |a RBIT002 | ||
| 998 | |d 428170 |a https://core.palmknihy.cz/api/books/428170/cover?thlhv4 |b https://core.palmknihy.cz/api/books/428170/cover/400?thlhv4 |c https://core.palmknihy.cz/api/books/428170/cover/50?thlhv4 |e 2035-12-31 |i 9788026760610 |l 27840 |q 49 |r 1 |s https://www.palmknihy.cz/kniha/428170 |t audiobook |y 2026 |z 0 |v Liberecká kriminálka |w 2 | ||
| 999 | |d 314062 | ||